000 01508cam a22002174a 4500
005 20250605164042.0
008 250528s ||||||||||||||||||||||||d
035 _a17020
020 _a335151086
040 _aGR-AtMCL
_bgre
_dGR-AtMCL
_eAACR2
245 1 _aPopular Culture and Social Relations
260 _bOpen University Press,
_c1986
300 _a244
520 _aA challenging and timely contribution to contemporary debates in the study of popular culture. Preface, Introduction: Popular Culture and ''the Turn to Gramsci'', Themes and Issues, The Politics of the ''Popular'' and Popular Culture, Popular Culture and the State, Complicit Pleasures, Popular Culture: Historical and Social Relations, The Tale of Samuel and Jemima: Gender and Working Class Culture in Early Nineteenth-Century England, ''Good Luck War Workers!'' Class and Politics and Entertainment in Wartime Broadcasting, The Dialectic of National Identity: The Glasgow Empire Exhibition of 1938, Hegemony and Ideology and Pleasure: Blackpool, Form and Ideology in Popular Culture, In the Groove or Blowing Your Mind? The Pleasures of Musical Repetition, That's Entertainment: The Resilience of Popular Forms, Fictions and Ideologies: The Case of Situation Comedy, ''This is not the boy Scouts'': Television Police Series and Definitions of Law and Order, Index.
700 1 _aBennett Tony
_93092
700 1 _aMercer Colin
_93150
700 1 _aWoollacott Janet
_93151
942 _cBK
999 _c2461
_d2461